Assembler rodiny ADSP - 2100
Salvato in:
| Natura: | Libro |
|---|---|
| Lingua: | slovacco |
| Pubblicazione: |
Košice
Ondič
1991
|
| Edizione: | 1. vyd. |
| Tags: |
Nessun Tag, puoi essere il primo ad aggiungerne!!
|
MARC
| LEADER | 00000nam a2200000 4500 | ||
|---|---|---|---|
| 001 | c001241 | ||
| 005 | 20250604095143.2 | ||
| 020 | |a 80-85503-01-8 | ||
| 041 | 0 | |a slo | |
| 044 | |a SK | ||
| 245 | 1 | 0 | |a Assembler rodiny ADSP - 2100 |c [z angl. prel.] Vladislav Ondič |
| 250 | |a 1. vyd. | ||
| 264 | 1 | |a Košice |b Ondič |c 1991 | |
| 300 | |a Prer. s. | ||